Los métodos de la exégesis bíblica

Guardado en:
Detalles Bibliográficos
Autor principal: Stenger, Werner (Autor)
Formato: Libro
Lenguaje:español
Publicado: Barcelona Herder 1990
Colección:Biblioteca de teología, 14
Materias:
Etiquetas: Agregar Etiqueta
Sin Etiquetas, Sea el primero en etiquetar este registro!

MARC

LEADER 00000nam a2200000 a 4500
001 UCX9993
003 CL-VaPUC
008 940706e19900000SP |||||||||||||||||spa|d
082 0 4 |a 220.601  |b STE  |2 21 
100 0 |a Stenger, Werner  |e author  |9 327535 
245 1 4 |a Los métodos de la exégesis bíblica 
300 |a 357 p 
942 |c BK 
945 |d 19940706 00:00:00  |a aalvarez 
260 |a Barcelona  |b Herder  |c 1990 
650 0 |a Biblia  |9 257603 
650 0 |a Hermenéutica  |9 269473 
650 0 |a Crítica e interpretación   |9 255042 
583 |a last modification  |c 19940706 00:00:00  |k Rodrigo Vera 
490 0 |a Biblioteca de teología, 14 
999 |c 229096  |d 229094 
952 |0 0  |1 0  |4 0  |6 220_601000000000000_STE_1990  |7 0  |8 A  |9 229697  |a BIBTEO  |b BIBTEO  |d 2019-11-15  |i 2992167  |o 220.601 STE 1990  |p 2992167  |r 2025-01-17  |w 2019-11-15  |y BK  |k ICR